| 000 | 00803cam a22002174a 4500 | ||
|---|---|---|---|
| 003 | PILC | ||
| 005 | 20160106104428.0 | ||
| 008 | 050301s2006 nyuab j 000 0 eng | ||
| 020 | _a1933405384 | ||
| 050 | 0 | 0 |
_aPE 1408 _b.R434 2006 |
| 245 | 0 | 0 |
_aReady, set, write! : _ba student writer's handbook for school and home / _cby the editors of Time for kids ; [editorial director, Keith Garton]. |
| 260 |
_aNew York : _bTIME for Kids Books, _c2006. |
||
| 300 |
_a112 pages : _bcolor illustrations ; _c23 cm. |
||
| 440 | _aTIME for kids. | ||
| 650 | 0 |
_aEnglish language _xComposition and exercises. |
|
| 650 | 1 | 0 |
_aEnglish language _xRhetoric _xHandbooks, manuals, etc. |
| 650 | 1 | 0 |
_aReport writing _xHandbooks, manuals, etc. |
| 700 | 1 | _aGarton, Keith. | |
| 730 | 0 | _aTIME for kids. | |
| 942 |
_2lcc _cBK _kFOR |
||
| 999 |
_c289039 _d289039 |
||